|
|
|
|
| LEADER |
00000nab#a22000007a#4500 |
| 001 |
arbauad029160 |
| 003 |
AR-BaUAD |
| 005 |
20250711112349.0 |
| 008 |
971113|||||||||###||||||b###|0###a|spa|| |
| 040 |
|
|
|a AR-BaUAD
|c AR-BaUAD
|b spa
|
| 100 |
|
|
|a Boisi, Antonella
|
| 245 |
|
|
|a Ad Hoc per l'ufficio del Duemila /
|c Antonella Boisi;
|
| 300 |
0 |
|
|b fot., il.
|
| 500 |
|
|
|a Sistema "Ad Hoc".
|
| 653 |
|
|
|a ITALIA
|
| 653 |
|
|
|a VITRA
|
| 653 |
|
|
|a CITTERIO, ANTONIO
|
| 653 |
|
|
|a OLIVER LÖW, GLEN
|
| 653 |
|
|
|a EQUIPAMIENTO
|
| 653 |
|
|
|a OFICINAS
|
| 653 |
|
|
|a SISTEMAS
|
| 653 |
|
|
|a MOBILIARIO
|
| 653 |
|
|
|a MUEBLES MODULARES
|
| 653 |
|
|
|a ESCRITORIOS
|
| 653 |
|
|
|a ARCHIVOS
|
| 653 |
|
|
|a ESTANTERIAS
|
| 653 |
|
|
|a SILLAS
|
| 653 |
|
|
|a MESAS RODANTES
|
| 653 |
|
|
|a CAJONERAS
|
| 653 |
|
|
|a ILUMINACION
|
| 653 |
|
|
|a ARTEFACTOS
|
| 653 |
|
|
|a LAMPARAS
|
| 653 |
|
|
|a DISEÑO INDUSTRIAL
|
| 773 |
0 |
|
|t INTERNI
|g no. 450 [mayo 1995], p. 134-139
|
| 942 |
|
|
|c ARTI
|
| 952 |
|
|
|0 0
|1 0
|4 0
|7 0
|9 74079
|a AR-BAuAD
|b AR-BAuAD
|d 2025-07-11
|l 0
|p AAQA029160
|r 2025-07-11 11:23:49
|w 2025-07-11
|y ARTI
|
| 990 |
|
|
|a DI199
|b TD
|
| 998 |
|
|
|a AAQ
|b BIBUN76
|
| 999 |
|
|
|c 53752
|d 53752
|